| 000 | 00677nam a2200181Ia 4500 | ||
|---|---|---|---|
| 008 | 100920s9999 xx 000 0 und d | ||
| 082 |
_b40406 _a891.2 थ 58 |
||
| 100 | _aअनु.-बोरवणकर रामचंद्र गणेश / संपा.-किञ्जवडेकर रामचंद्रशास्त्री. | ||
| 245 | _aमेघदूत. | ||
| 260 |
_bचित्रशाळा प्रकाशन,पुणे.2. _c1958 |
||
| 300 |
_a202 _bसाधी |
||
| 365 | _b3 | ||
| 520 | _aसंस्कृत. | ||
| 630 | _aमेघदूत. | ||
| 650 | _aसंस्कृत. | ||
| 730 | _aमेघदूत. | ||
| 942 | _cBOOK | ||
| 999 |
_c691481 _d691478 |
||